Statistiques concernant Pays du monde - une minute de sprint

Cliquez ici pour prendre le quiz!

Statistiques générales

  • Ce quiz a été pris 1,322 fois
  • Le résultat moyen est 29 sur 196

Statistiques - réponses

pays % Correct
France
90%
Canada
85%
Russie
81%
Chine
77%
Etats-Unis
74%
Espagne
70%
Brésil
68%
Mexique
64%
Inde
57%
Australie
57%
Italie
54%
Japon
53%
Portugal
50%
Suède
47%
Argentine
47%
Allemagne
46%
Chili
45%
Irlande
43%
Islande
41%
Algérie
41%
Norvège
39%
Maroc
38%
Pérou
37%
Finlande
36%
Danemark
33%
Suisse
30%
Tunisie
28%
Belgique
28%
Iran
27%
Mali
26%
Irak
26%
Royaume-Uni
25%
Libye
25%
Bolivie
24%
République
démocratique
du Congo
24%
Mongolie
23%
Congo
23%
Égypte
23%
Colombie
21%
Togo
20%
Cuba
20%
Pologne
20%
Oman
19%
Uruguay
19%
Grèce
18%
Turquie
17%
Estonie
17%
Monaco
17%
Indonésie
16%
Bénin
16%
Paraguay
16%
Laos
16%
Afrique du Sud
16%
Yémen
16%
Ukraine
16%
Soudan
15%
Venezuela
15%
Pays-Bas
15%
Panama
15%
Niger
15%
Lettonie
14%
Lituanie
14%
Malte
14%
Andorre
14%
Équateur
14%
Liban
12%
Haiti
12%
Autriche
12%
Corée du Sud
12%
Tchad
12%
Madagascar
12%
Népal
12%
Ghana
12%
Émirats arabes unis
11%
Nigeria
11%
Syrie
11%
Vatican
11%
Roumanie
10%
Gabon
10%
Viêt Nam
10%
Nouvelle-Zélande
9%
Serbie
9%
Corée du Nord
9%
Qatar
9%
Lesotho
9%
Honduras
9%
Guyana
9%
Hongrie
9%
Guinée
9%
Guatemala
9%
Belize
9%
Israël
9%
Chypre
9%
Croatie
8%
Mauritanie
8%
Thaïlande
8%
Taïwan
8%
Costa Rica
8%
Nicaragua
8%
Albanie
8%
Angola
8%
Pakistan
8%
Fidji
8%
Nauru
8%
Luxembourg
8%
Suriname
8%
Sri Lanka
8%
Tonga
7%
Bosnie-Herzégovine
7%
Jamaïque
7%
Biélorussie
7%
Bahamas
7%
Samoa
7%
Kosovo
7%
Palaos
7%
Somalie
7%
Namibie
6%
Kiribati
6%
Tuvalu
6%
Slovénie
6%
Gambie
6%
Bulgarie
6%
Bhoutan
6%
Sénégal
5%
Vanuatu
5%
Kazakhstan
5%
Slovaquie
5%
Koweït
5%
Cambodge
5%
Kenya
5%
Éthiopie
5%
Malaisie
5%
Jordanie
5%
Salvador
5%
Malawi
5%
Singapour
4%
Rwanda
4%
Soudan du Sud
4%
Sao Tomé-et-Principe
4%
Birmanie
4%
Saint-Marin
4%
Antigua-et-Barbuda
4%
Philippines
4%
Moldavie
4%
Brunei
4%
Zambie
4%
Cameroun
4%
Salomon
3%
Ouganda
3%
Liberia
3%
Macédoine du Nord
3%
Djibouti
3%
Barbade
3%
Liechtenstein
3%
Afghanistan
3%
Guinée-Bissau
3%
Botswana
3%
Bahreïn
3%
Monténégro
3%
République
Centrafricaine
3%
Burundi
3%
Papouasie-
Nouvelle-Guinée
3%
Saint-Vincent-et-
les-Grenadines
3%
Cabo Verde
3%
Tanzanie
2%
Guinée équatoriale
2%
République
dominicaine
2%
Tchèquie
2%
Comores
2%
Côte d'Ivoire
2%
Dominique
2%
Trinité-et-Tobago
2%
Grenade
2%
Îles Marshall
2%
Arménie
2%
Seychelles
2%
Sainte-Lucie
2%
Érythrée
2%
Maldives
2%
Burkina Faso
2%
Bangladesh
2%
Eswatini
2%
Micronésie
2%
Géorgie
2%
Azerbaïdjan
1%
Ouzbékistan
1%
Zimbabwe
1%
Tadjikistan
1%
Île Maurice
1%
Turkménistan
1%
Saint-Christophe-
et-Niévès
1%
Sierra Leone
1%
Mozambique
1%
Kirghizistan
0%
Timor-Leste
0%
Saudi Arabia
0%

Distribution des résultats

Percentile by Number Answered

% des personnes avec chaque résultat

Votre développement - résultats

Vous n’avez pas pris ce quiz